La sociedad humana /
Guardado en:
| Autor Principal: | |
|---|---|
| Formato: | Libro |
| Publicado: |
Buenos Aires :
Editorial Universitaria de Buenos Aires,
1984
|
| Materias: | |
| Etiquetas: |
Agregar Etiqueta
Sin Etiquetas, Sea el primero en etiquetar este registro!
|
| LEADER | 00697nam a22001935a 4500 | ||
|---|---|---|---|
| 001 | CEM.cems009284 | ||
| 005 | 20090401112822.0 | ||
| 008 | 130507s1984##################000#0#####d | ||
| 003 | CEMS | ||
| 020 | |a 9502300661 | ||
| 082 | 0 | 4 | |a 301 |
| 100 | 1 | |a Davis, Kingsley | |
| 245 | 1 | 0 | |a La sociedad humana / |c Kingsley Davis |
| 260 | |a Buenos Aires : |b Editorial Universitaria de Buenos Aires, |c 1984 | ||
| 300 | |a 706 p. | ||
| 505 | 0 | |a La naturaleza de la sociedad humana -- El individuo y su sociedad -- Grupos principales -- Isnstituciones principales -- Población y sociedad -- Cambio social | |
| 653 | |a Sociología | ||
| 653 | |a Sociedad humana | ||
| 859 | |a CEMS |b BIB. CEMS - 11 de abril |h 301 |i D294-1 |p 18914.96 |t Ej.1 | ||
